[Event "Orsha blitz op"]
[Site "Orsha"]
[Date "2018.02.03"]
[Round "2"]
[White "Apryshko, Gleb"]
[Black "Sochirca, Eugeniu"]
[Result "1-0"]
[WhiteElo "2494"]
[BlackElo "2018"]
[PlyCount "81"]
[EventDate "2018.02.03"]
[EventType "swiss (blitz)"]
[EventRounds "9"]
[EventCountry "BLR"]
[SourceTitle "CBM 182 Extra"]
[Source "ChessBase"]
[SourceDate "2018.02.23"]
[SourceVersion "1"]
[SourceVersionDate "2018.02.23"]
[SourceQuality "1"]

1. e4 c6 2. d4 d5 3. Nd2 dxe4 4. Nxe4 Bf5 5. Ng3 Bg6 6. Nh3 h6 7. Nf4 Bh7 8. Bc4 e6 9. 0-0 Bd6 10. Nfh5 Bf8 11. Re1 Nf6 12. c3 Nbd7 13. Nf4 Be7 14. Bxe6 0-0 15. Bh3 Bd6 16. Nf5 Bxf5 17. Bxf5 Qc7 18. Qf3 Rfe8 19. Bd2 Rxe1+ 20. Rxe1 Re8 21. Rxe8+ Nxe8 22. h4 Nef6 23. g3 Nb6 24. b3 Nbd5 25. Nd3 Qe7 26. c4 Nb4 27. c5 Nxd3 28. cxd6 Qxd6 29. Bxd3 Qxd4 30. Bc3 Qd6 31. Bxf6 gxf6 32. Qf5 b6 33. Qh7+ Kf8 34. Qxh6+ Ke7 35. Qe3+ Kd8 36. h5 Qd5 37. h6 Qh5 38. h7 Kc7 39. Qf4+ Kb7 40. Qxf6 Qd1+ 41. Bf1 1-0

[Event "Orsha op"]
[Site "Orsha"]
[Date "2018.01.29"]
[Round "1"]
[White "Sochirca, Eugeniu"]
[Black "Grishchenko, Sergey"]
[Result "0-1"]
[WhiteElo "1977"]
[BlackElo "2469"]
[PlyCount "58"]
[EventDate "2018.01.29"]
[EventType "swiss"]
[EventRounds "9"]
[EventCountry "BLR"]
[SourceTitle "CBM 182 Extra"]
[Source "ChessBase"]
[SourceDate "2018.02.23"]
[SourceVersion "1"]
[SourceVersionDate "2018.02.23"]
[SourceQuality "1"]

1. d4 d5 2. c4 e6 3. Nc3 c5 4. Nf3 cxd4 5. Qxd4 Nc6 6. Qd1 d4 7. Nb1 e5 8. e4 f5 9. Bd3 Nf6 10. Qe2 Bb4+ 11. Bd2 0-0 12. 0-0 fxe4 13. Bxe4 Nxe4 14. Qxe4 Qf6 15. Bg5 Qf5 16. Qxf5 Bxf5 17. a3 Bd6 18. Nbd2 h6 19. Bh4 e4 20. Ne1 Bf4 21. Nb1 d3 22. Nc3 Nd4 23. Nd5 g5 24. Nxf4 gxf4 25. g3 f3 26. Be7 Rfc8 27. Bf6 Ne2+ 28. Kh1 Bh3 29. Rg1 Rxc4 0-1